| 000 | 00692cab a2200217 4500 | ||
|---|---|---|---|
| 001 | ABS53156 | ||
| 008 | 090401t1995 xxu||||| |||| 00| 0 eng d | ||
| 035 | _a(Sirsi) u2430 | ||
| 041 | _aeng | ||
| 245 | _aCustomer services | ||
| 260 | _c1995 | ||
| 350 | _a0 | ||
| 490 |
_aBuilding _v260(7902) 28 July 1995, 26-30(5) |
||
| 520 | _aA poll of clients` opinions of the Latham report, presented through bar and pie charts. Also a report on a "Building" conference assessing the progress of the implementation of the report`s recommendations. | ||
| 650 | _aAWARENESS | ||
| 650 | _aCLIENTS | ||
| 650 | _aLATHAM REFORMS | ||
| 690 | _aBUILT ENVIRONMENT | ||
| 942 | _n0 | ||
| 948 | _c04/03/1997 | ||
| 999 |
_c1466 _d1466 |
||